[Event "Cto de Aragon  Equipos Cat Preferente"]
[Site "Aragon"]
[Date "2010.04.11"]
[Round "12.13"]
[White "Neila Castillo Miguel Angel"]
[Black "Planas Torrea Francisco Javier"]
[Result "1-0"]
[WhiteElo "2079"]
[BlackElo "2004"]

1.Nf3 Nf6 2.g3 d5 3.Bg2 c6 4.b3 Bf5 5.Bb2 e6 6.c4 h6 7.O-O Be7 8.d3 O-O 9.Nbd2
Nbd7 10.Qc2 Re8 11.e4 dxe4 12.dxe4 Bg6 13.Rfd1 Qc7 14.Qc3 Bf8 15.e5 Ne4 16.
Nxe4 Bxe4 17.b4 Bh7 18.c5 Rad8 19.Nd2 g5 20.Nc4 Bg7 21.Rd6 f6 22.f4 fxe5 23.
fxe5 Bf8 24.Rf1 Bg7 25.Bh3 Nf8 26.Rxd8 Rxd8 27.Nd6 Bg6 28.a4 Bf5 29.g4 Bg6 30.
Bg2 Nd7 31.Qc4 Nf8 32.Bc3 Rd7 33.Kh1 Re7 34.Be4 Bxe4+ 35.Qxe4 b6 36.Bd4 bxc5
37.Bxc5 Nd7 38.Rc1 Nxc5 39.Rxc5 Qb8 40.Rxc6 Rc7 41.b5 Rxc6 42.Qxc6 Qf8 43.Qe8
Bxe5 44.Qxe6+ Kh7 45.Nf5 Bb8 46.a5 h5 47.h3 hxg4 48.hxg4 Bf4 49.Qd7+ Kh8 50.
Qd4+ Kg8 51.Qxa7 Qf6 52.Qd4 Be5 53.Qd5+ Kf8 54.Qc5+ Kf7 55.Qd5+ Kf8 56.Qa8+
Kf7 57.Qb7+ Kf8 58.Qc8+ Kf7 59.a6 Bf4 60.Qd7+ Kf8 61.Qg7+ Qxg7 62.Nxg7 Be3 63.
Ne6+ Ke7 64.Nxg5 Kd7 65.Nf3 Kc7 66.g5 Kb6 67.g6 Bh6 68.Kg2 Bg7 69.Kh3 Kc7 70.
Kg4 Kb6 71.Kf5 1-0

[Event "Cto de Aragon  Equipos Cat Preferente"]
[Site "Aragon"]
[Date "2010.04.11"]
[Round "12.14"]
[White "Planas Torrea Alberto"]
[Black "Dominguez Luzon Fernando"]
[Result "0-1"]
[WhiteElo "1894"]
[BlackElo "2069"]

1.e4 c5 2.Nf3 d6 3.d4 cxd4 4.Nxd4 Nf6 5.Nc3 Nc6 6.Be2 e5 7.Nb3 Be7 8.Be3 O-O
9.O-O a5 10.f4 a4 11.Nc1 exf4 12.Rxf4 Be6 13.Nd5 Bxd5 14.exd5 Ne5 15.Rb4 Qc7
16.Bb6 Qc8 17.c3 a3 18.Qb3 axb2 19.Qxb2 Nxd5 20.Bf2 Nxb4 21.cxb4 Bf6 22.Bd4
Qf5 23.Nb3 Rac8 24.Bc3 Nf3+ 25.Bxf3 Bxc3 26.Qb1 Qe5 27.Bxb7 Rc7 28.Qc2 Bd4+
29.Nxd4 Qxd4+ 0-1

[Event "Cto de Aragon  Equipos Cat Preferente"]
[Site "Aragon"]
[Date "2010.04.11"]
[Round "12.15"]
[White "Garcia Bueno Juan Pablo"]
[Black "Marcellan Peire Jesus Eduardo"]
[Result "0-1"]
[WhiteElo "1855"]
[BlackElo "1872"]

1.e4 c5 2.Nc3 e6 3.g3 a6 4.Bg2 Qc7 5.f4 d6 6.Nf3 Nc6 7.O-O g6 8.d3 Bg7 9.Be3
Nf6 10.h3 O-O 11.g4 Re8 12.Qe1 Rb8 13.a3 b5 14.Ne2 Bb7 15.c3 c4 16.Qb1 cxd3
17.Qxd3 Na5 18.Nd2 Nc4 19.Rab1 Nd7 20.Nd4 Nc5 21.Qe2 Nxe3 22.Qxe3 e5 23.N4b3
exf4 24.Rxf4 Nxb3 25.Nxb3 Bh6 26.Nd4 Bxf4 27.Qxf4 Qc5 28.Rf1 Re7 29.Re1 Rbe8
30.Kh1 Qe5 31.Qd2 d5 32.Nf3 Qg3 33.e5 d4 34.cxd4 Bxf3 35.Re3 Bxg2+ 36.Kg1 Bf3+
37.Kf1 Qxh3+ 0-1

[Event "Cto de Aragon  Equipos Cat Preferente"]
[Site "Aragon"]
[Date "2010.04.11"]
[Round "12.16"]
[White "Gimeno Ruiz Alberto"]
[Black "Garcia Valer Jesus V"]
[Result "1-0"]
[WhiteElo "1865"]
[BlackElo "1828"]

1.d4 d5 2.Nf3 Nf6 3.e3 Bg4 4.b3 e6 5.Bb2 Be7 6.Nbd2 c5 7.Be2 Nc6 8.O-O O-O 9.
h3 Bh5 10.c4 Rc8 11.Rc1 cxd4 12.Nxd4 Bxe2 13.Qxe2 Nxd4 14.Bxd4 a6 15.Rfd1 Ba3
16.Rc2 Qe7 17.Nb1 Bb4 18.Bxf6 Qxf6 19.cxd5 Rxc2 20.Qxc2 exd5 21.Rxd5 Qe6 22.
Qd3 Qc6 23.Nd2 g6 24.Ne4 f5 25.Ng5 Be7 26.h4 Bxg5 27.hxg5 Qc1+ 28.Kh2 Qa1 29.
Rd7 Qe5+ 30.g3 Rf7 31.Qc4 Qe8 32.Rc7 1-0

[Event "Cto de Aragon  Equipos Cat Preferente"]
[Site "Aragon"]
[Date "2010.04.11"]
[Round "12.17"]
[White "Cebollada Pacheco Jesus Raul"]
[Black "Echarte Buil Oscar"]
[Result "0-1"]
[WhiteElo "1989"]
[BlackElo "2225"]

1.e4 c6 2.d4 d5 3.Nd2 dxe4 4.Nxe4 Bf5 5.Ng3 Bg6 6.Nf3 Nd7 7.h4 h6 8.h5 Bh7 9.
Bd3 Bxd3 10.Qxd3 e6 11.Bf4 Qa5+ 12.Bd2 Bb4 13.c3 Be7 14.c4 Qc7 15.O-O-O Ngf6
16.Ne4 b5 17.Nxf6+ Nxf6 18.c5 Rd8 19.Qe2 Rd5 20.g4 Nxg4 21.Rdg1 Nf6 22.Rxg7
Nxh5 23.Rg4 Bf6 24.Kb1 Rf5 25.Qe4 Qd7 26.Qe2 Qd5 27.Rh3 Ke7 28.Be3 Rf4 29.Nh2
Qf5+ 30.Kc1 Rxg4 31.Qxg4 Ng7 32.Qg2 Qd5 33.Nf3 Nf5 34.Qh2 Rd8 35.Qf4 Qc4+ 0-1

[Event "Cto de Aragon  Equipos Cat Preferente"]
[Site "Aragon"]
[Date "2010.04.11"]
[Round "12.18"]
[White "Prat Guisado Christian"]
[Black "Garcia Andres Daniel"]
[Result "1-0"]
[WhiteElo "1973"]
[BlackElo "1980"]

1.d4 c5 2.d5 e5 3.e4 d6 4.c4 g6 5.Nc3 Bh6 6.Bxh6 Nxh6 7.Qd2 Ng4 8.h3 Nf6 9.Bd3
a6 10.Nge2 Nbd7 11.O-O O-O 12.Ng3 Qe7 13.Qg5 Nxd5 14.Qxe7 Nxe7 15.Rad1 Nc6 16.
Nd5 Kg7 17.Bc2 Nd4 18.Rd2 b5 19.cxb5 axb5 20.a3 Bb7 21.Nc3 Nf6 22.Nge2 Nxc2
23.Rxc2 Bxe4 24.Rd2 b4 25.Nb5 d5 26.f3 Bf5 27.Nc7 Rad8 28.axb4 cxb4 29.Na6 b3
30.Nc5 Bc2 31.Nc1 Rb8 32.Re1 Rfc8 33.Na4 d4 34.Rxe5 Nd7 35.Rd5 Bf5 36.Ne2 d3
37.Nd4 Rc4 38.Nxf5+ gxf5 39.Rxd7 Rxa4 40.R7xd3 Rc4 41.Kf2 Rc2 42.Ke2 Rc1 43.
Ke3 Re8+ 44.Kf4 Rc4+ 45.Kxf5 Re6 46.Rxb3 Rf6+ 47.Ke5 Rfc6 48.Rbd3 f6+ 49.Kf5
Rh4 50.Rd7+ Kh6 51.R7d6 Rc5+ 52.Kxf6 Rhh5 53.Kf7+ Kg5 54.R6d5+ Kh6 55.Rxh5+
Kxh5 56.Ke6 Kh4 57.f4 Rc4 58.f5 Kg5 59.f6 Re4+ 60.Kf7 Rb4 61.Kg7 Rb6 62.Rd5+
Kh4 63.f7 h5 64.f8=Q Rb8 65.Rd4+ 1-0

[Event "Cto de Aragon  Equipos Cat Preferente"]
[Site "Aragon"]
[Date "2010.04.11"]
[Round "12.19"]
[White "Alvarez Gonzalo Miguel Angel"]
[Black "Martinez Crespo Juan"]
[Result "1-0"]
[WhiteElo "1925"]
[BlackElo "1841"]

1.c4 Nf6 2.g3 c6 3.Bg2 d5 4.cxd5 cxd5 5.Nf3 Nc6 6.O-O e6 7.b3 Bd6 8.Bb2 O-O 9.
d4 Bd7 10.Ne5 Bxe5 11.dxe5 Ng4 12.e4 Ngxe5 13.exd5 exd5 14.Qxd5 Be6 15.Qb5 Qb6
16.Na3 Qxb5 17.Nxb5 Rfc8 18.Nd6 Rc7 19.Bxe5 Nxe5 20.Nxb7 Rc2 21.Nc5 Re8 22.
Nxe6 Rxe6 23.Rac1 Rxc1 24.Rxc1 g6 25.Rc7 a6 26.Bd5 Rd6 27.Bc4 Kg7 28.Ra7 Nxc4
29.bxc4 Rc6 30.Kg2 Kf6 31.Kf3 h5 32.h4 Ke6 33.Ke3 f6 34.f4 Rd6 35.Rc7 Kf5 36.
c5 Rd5 37.c6 g5 38.Rg7 gxf4+ 39.gxf4 Rc5 40.c7 Rc3+ 41.Kd4 Rc1 42.Kd5 Kxf4 43.
Kd6 f5 44.Kd7 Rd1+ 45.Ke8 Re1+ 46.Kd8 Rd1+ 47.Rd7 Rc1 48.c8=Q Rxc8+ 49.Kxc8
Kg4 50.Rf7 f4 51.a4 f3 52.a5 Kg3 53.Kb7 f2 54.Kxa6 Kg2 55.Kb6 f1=Q 56.Rxf1
Kxf1 57.a6 Kg2 58.a7 Kg3 59.a8=Q Kxh4 60.Qh1+ Kg4 61.Kc5 h4 62.Kd4 1-0

[Event "Cto de Aragon  Equipos Cat Preferente"]
[Site "Aragon"]
[Date "2010.04.11"]
[Round "12.20"]
[White "Moreno Antonio Mario"]
[Black "Lafarga Bueno Daniel"]
[Result "0-1"]
[WhiteElo "1828"]
[BlackElo "1840"]

1.d4 Nf6 2.Nf3 d5 3.c4 e6 4.Bg5 Be7 5.Nc3 O-O 6.Bxf6 Bxf6 7.e4 dxe4 8.Nxe4 Be7
9.Bd3 Nc6 10.Nc3 Bf6 11.Ne2 g6 12.Be4 Qe7 13.Bxc6 bxc6 14.O-O c5 15.Qc2 Bb7
16.Rad1 Rfd8 17.dxc5 Qxc5 18.b3 Bg7 19.Rxd8+ Rxd8 20.Rd1 Rxd1+ 21.Qxd1 Qd6 22.
Qxd6 cxd6 23.Ned4 a6 24.b4 Kf8 25.a4 Ke8 26.Nb3 Bc3 27.b5 Bb4 28.Nfd4 axb5 29.
Nxb5 Kd7 30.f3 e5 31.Kf2 Kc6 32.Ke3 Kb6 33.Kd3 f5 34.Nc3 Bxc3 35.Kxc3 Ba6 36.
g3 Bb7 37.f4 e4 38.Kd4 Bc6 39.a5+ Ka6 40.c5 d5 41.Kc3 Kb5 42.Nd4+ Kxc5 43.Nxc6
Kxc6 44.Kb4 d4 45.Kc4 d3 46.Kc3 Kb5 0-1

[Event "Cto de Aragon  Equipos Cat Preferente"]
[Site "Aragon"]
[Date "2010.04.11"]
[Round "12.21"]
[White "Ansola Marquinez Alberto"]
[Black "Pes Mateo Angel"]
[Result "1-0"]
[WhiteElo "2147"]
[BlackElo "2030"]

1.f4 Nf6 2.Nf3 c5 3.b3 g6 4.Bb2 Bg7 5.e3 O-O 6.Be2 d6 7.O-O Nc6 8.Qe1 Re8 9.
Qh4 e5 10.fxe5 dxe5 11.Bc4 Qe7 12.Ng5 Nd8 13.Nc3 h6 14.Nge4 Nxe4 15.Qxe7 Rxe7
16.Nxe4 b6 17.Nf6+ Bxf6 18.Rxf6 Kg7 19.Raf1 Bf5 20.Rd6 Nb7 21.Rd5 f6 22.d4
exd4 23.exd4 Rf8 24.dxc5 Nxc5 25.Rd6 Rd7 26.Rxd7+ Nxd7 27.Re1 g5 28.Ba3 Rc8
29.Re7+ Kh8 30.Bb2 Rf8 31.Bb5 Nc5 32.Rxa7 Bxc2 33.Rc7 Bb1 34.b4 Ne4 35.a4 Rd8
36.Rd7 Rxd7 37.Bxd7 Kg7 38.Bd4 Kf7 39.Bxb6 Nc3 40.Kf2 Ke7 41.Bc6 Kd6 42.Be8
Bc2 43.a5 Bd3 44.Bd4 Nd5 45.Bc5+ Ke6 46.b5 Nc7 47.b6 Na6 48.Bf8 Be4 49.Bb5 Bb7
50.Bxh6 Nc5 51.Bf8 Na6 52.g3 g4 53.Ke3 Ke5 54.Bc4 Nb8 55.Ba3 Na6 56.Bb2+ Kf5
57.Kd4 Kg5 58.Bd5 Bc8 59.b7 Bd7 60.Bc1+ 1-0

[Event "Cto de Aragon  Equipos Cat Preferente"]
[Site "Aragon"]
[Date "2010.04.11"]
[Round "12.22"]
[White "Forcen Esteban Victor"]
[Black "Garcia Lopez Juan Antonio"]
[Result "1/2-1/2"]
[WhiteElo "1971"]
[BlackElo "2023"]

1.e4 e6 2.d4 d5 3.Nd2 dxe4 4.Nxe4 Nd7 5.Be3 Ngf6 6.Nxf6+ Nxf6 7.Nf3 Be7 8.Bc4
O-O 9.O-O b6 10.c3 Bb7 11.Bg5 h6 12.Bh4 c5 13.dxc5 Bxc5 14.Qxd8 Rfxd8 15.Bxf6
gxf6 16.Be2 Rd5 17.Rad1 Rad8 18.Rxd5 Rxd5 19.Rd1 Rxd1+ 20.Bxd1 e5 21.Nd2 Kg7
22.Bc2 Bc8 23.Kf1 f5 24.Nb3 Bd6 25.h3 Kf6 26.f3 Kg5 27.Kf2 Bb7 28.Ke3 f4+ 29.
Ke2 f5 30.Nd2 Bc8 31.Bd3 Kh4 32.Nf1 Be6 33.a3 Bc5 34.Bc2 Kg5 35.b4 Bd6 36.Bd3
Bd5 37.Nd2 Bc6 38.Bc2 Bc7 39.c4 Bd6 40.Bd3 a5 41.b5 Bb7 42.a4 Bb4 43.Bc2 h5
44.Nb3 Ba8 45.Bb1 Bb7 46.Bc2 Kf6 47.Bb1 e4 48.Nd4 Ke5 49.Nc6+ Bxc6 50.bxc6 Bd6
51.Bc2 Kd4 52.Bb1 Kxc4 53.fxe4 fxe4 54.Bxe4 Kb3 55.c7 Bxc7 56.Bc6 Kc4 57.Kf3
Kc5 58.Be8 h4 59.Kg4 Bd8 60.Bd7 Kd6 61.Bb5 Ke5 62.Bc6 Be7 63.Be8 Bd8 1/2-1/2

[Event "Cto de Aragon  Equipos Cat Preferente"]
[Site "Aragon"]
[Date "2010.04.11"]
[Round "12.23"]
[White "Argueso Pascual Jorge"]
[Black "Sarrio Pablo"]
[Result "1/2-1/2"]
[WhiteElo "1997"]
[BlackElo "1876"]

1.d4 Nf6 2.c4 c5 3.d5 b5 4.cxb5 a6 5.bxa6 g6 6.Nc3 Bxa6 7.g3 d6 8.Bg2 Bg7 9.
Nf3 Nbd7 10.O-O Nb6 11.Re1 O-O 12.e4 Nc4 13.Qc2 Qa5 14.Bf1 Rfb8 15.Nd2 Nxd2
16.Bxd2 Bxf1 17.Rxf1 Qb4 18.Rab1 Ng4 19.Nd1 Qa4 20.Qxa4 Rxa4 21.f3 Bd4+ 22.Kg2
Ne5 23.Nc3 Ra7 24.b3 Nd3 25.a4 Bxc3 26.Bxc3 Rab7 27.Rfd1 c4 28.a5 Rxb3 29.Rxb3
cxb3 30.Rxd3 b2 31.Bxb2 Rxb2+ 32.Kh3 Ra2 33.Rb3 Rxa5 34.Rb7 Kf8 35.Kg4 Ra2 36.
h4 f6 37.h5 Rh2 38.hxg6 hxg6 39.Kf4 Kf7 40.g4 g5+ 41.Ke3 Ra2 42.Rb3 Ra1 43.Rc3
Re1+ 44.Kf2 Rb1 45.Ke3 Rh1 46.Rc7 Rh3 47.Kf2 Rh2+ 48.Ke3 Rh7 49.Rb7 Kg6 50.Rc7
Rf7 51.Rb7 Rh7 52.Rc7 Rh1 53.Rxe7 Ra1 54.Rc7 Ra3+ 55.Kf2 Ra6 56.Rc6 Ra2+ 57.
Kg3 Kf7 58.Rxd6 Ke7 59.Rc6 Rb2 60.Rc3 Rb1 61.Ra3 1/2-1/2

[Event "Cto de Aragon  Equipos Cat Preferente"]
[Site "Aragon"]
[Date "2010.04.11"]
[Round "12.24"]
[White "Galvez Rubio David"]
[Black "Ruiz Gutierrez Jose Manuel"]
[Result "0-1"]
[WhiteElo "1876"]
[BlackElo "1899"]

1.e4 c5 2.Nf3 e6 3.d4 cxd4 4.Nxd4 a6 5.Nc3 Qc7 6.Bd3 Nc6 7.Nxc6 bxc6 8.O-O Nf6
9.Qe2 d6 10.Bf4 e5 11.Bg3 Be7 12.Bc4 O-O 13.Rad1 Qb6 14.Na4 Qc7 15.f3 Be6 16.
Bxe6 fxe6 17.c4 Nh5 18.Bf2 Nf4 19.Qd2 c5 20.Be3 Qc6 21.b3 Qe8 22.g3 Nh3+ 23.
Kg2 Qh5 24.g4 Qh4 25.Bf2 Nxf2 26.Qxf2 Qg5 27.Qg3 Rf4 28.Nc3 h5 29.h3 hxg4 30.
hxg4 Rf6 31.Rh1 Raf8 32.Rd3 Kf7 33.Qh4 Qf4 34.Qg3 Qg5 35.Qh4 Qf4 36.Qg3 Qg5
37.Rh5 Qc1 38.Qf2 Rh6 39.Rxh6 Qxh6 40.Qg3 Rh8 41.Rd1 Qe3 42.Qe1 Qf4 43.Qg3 Qh6
44.Rf1 Bg5 45.Ne2 Ke7 46.f4 exf4 47.Nxf4 Bxf4 48.Rxf4 Qh1+ 49.Kf2 Rh2+ 50.Ke3
Rh3 51.Ke2 0-1

[Event "Cto de Aragon  Equipos Cat Preferente"]
[Site "Aragon"]
[Date "2010.04.11"]
[Round "12.25"]
[White "Lucea Valero Alejandro"]
[Black "Alcon Herrero Javier"]
[Result "1/2-1/2"]
[WhiteElo "1982"]
[BlackElo "2073"]

1.d4 Nf6 2.Nf3 g6 3.g3 Bg7 4.Bg2 O-O 5.O-O d6 6.c3 Nbd7 7.Bf4 Nh5 8.Qc1 Nxf4
9.Qxf4 e5 10.dxe5 Nxe5 11.Nbd2 Rb8 12.Qa4 a6 13.Nxe5 Bxe5 14.h3 Qe8 15.Qxe8
Rxe8 16.Rfe1 Bg7 17.Nc4 Bf5 18.e4 Be6 19.Nd2 b5 20.Rab1 Bxa2 21.Ra1 1/2-1/2

[Event "Cto de Aragon  Equipos Cat Preferente"]
[Site "Aragon"]
[Date "2010.04.11"]
[Round "12.26"]
[White "Garcia Lainez Jose Enrique"]
[Black "Garcia Lopez Alberto Jose"]
[Result "1-0"]
[WhiteElo "2059"]
[BlackElo "1971"]

1.e4 d6 2.d4 Nf6 3.Nc3 g6 4.f4 Bg7 5.Nf3 c6 6.Bd3 O-O 7.O-O Bg4 8.h3 Bxf3 9.
Qxf3 Qb6 10.Ne2 e5 11.fxe5 dxe5 12.Be3 Nfd7 13.d5 Qxb2 14.a3 cxd5 15.Rfb1 dxe4
16.Qxe4 Nf6 17.Qh4 Qxa1 18.Rxa1 e4 19.Bc4 Ng4 20.Bd4 1-0

[Event "Cto de Aragon  Equipos Cat Preferente"]
[Site "Aragon"]
[Date "2010.04.11"]
[Round "12.27"]
[White "Minguez Guinda Andres"]
[Black "Gimenez Rebollo Pablo"]
[Result "0-1"]
[WhiteElo "1896"]
[BlackElo "1975"]

1.e4 c5 2.f4 e6 3.Nf3 d5 4.exd5 exd5 5.Bb5+ Bd7 6.Bxd7+ Nxd7 7.O-O Bd6 8.d4
Ne7 9.Kh1 O-O 10.Nc3 Nf6 11.Ne5 cxd4 12.Qxd4 Nc6 13.Nxc6 bxc6 14.f5 Qc7 15.Bg5
Be5 16.Qh4 Rab8 17.Rf3 Qd6 18.Rh3 Rb4 19.Qf2 Ng4 20.Qh4 h6 21.Bd2 Nxh2 22.Qh5
Ng4 23.Nd1 Rd4 24.Be1 Nf6 25.Qe2 Re4 26.Re3 Re8 27.Rxe4 Nxe4 28.Ne3 Bxb2 29.
Rb1 Nc3 30.Bxc3 Bxc3 31.Qf3 Ba5 32.Ng4 Bd8 33.Kg1 Qc5+ 34.Kh2 Qxc2 0-1

[Event "Cto de Aragon  Equipos Cat Preferente"]
[Site "Aragon"]
[Date "2010.04.11"]
[Round "12.28"]
[White "Casado Gonzalez Manuel"]
[Black "Buil Montanes Carlos"]
[Result "1/2-1/2"]
[WhiteElo "1894"]
[BlackElo "1895"]

1.d4 d5 2.Nf3 Nf6 3.c4 dxc4 4.e3 Bg4 5.Bxc4 e6 6.O-O Nbd7 7.Nc3 Bb4 8.Bd2 O-O
9.Be2 c5 10.Na4 Bxd2 11.Qxd2 cxd4 12.Nxd4 Bxe2 13.Qxe2 Qa5 14.Nc3 a6 15.Rfd1
Rac8 16.Rac1 Rfd8 17.a3 Ne5 18.Nf3 Nc6 19.Rxd8+ Rxd8 20.Rd1 Rxd1+ 21.Qxd1 Qd8
1/2-1/2